[Event "Quebec Montcalm op 5 2010-11"]
[Site "Quebec"]
[Date "2011.03.10"]
[Round "4"]
[White "Perron, Jonathan"]
[Black "Caron, Sebastien"]
[Result "1/2-1/2"]
[WhiteElo "2123"]
[BlackElo "1917"]
[PlyCount "75"]
[EventDate "2011.02.16"]
[EventType "swiss"]
[EventRounds "5"]
[EventCountry "CAN"]
[SourceTitle "EXT 2022"]
[Source "ChessBase"]
[SourceDate "2021.10.06"]
[SourceVersion "1"]
[SourceVersionDate "2021.10.06"]
[SourceQuality "1"]

1. e4 e5 2. Nf3 Nf6 3. Nxe5 d6 4. Nf3 Nxe4 5. d4 d5 6. Bd3 Bd6 7. c4 Bb4+ 8. Bd2 Nxd2 9. Nbxd2 Qe7+ 10. Kf1 dxc4 11. Bxc4 0-0 12. a3 Bd6 13. Qc2 Nc6 14. Re1 Qd8 15. h4 g6 16. b4 Bf5 17. Qb3 Qf6 18. Ne4 Bxe4 19. Rxe4 Rae8 20. Rxe8 Rxe8 21. Rh3 h6 22. g4 Qf4 23. g5 Qf5 24. Rh1 h5 25. Bd5 Nd8 26. a4 c6 27. Bc4 Ne6 28. b5 Re7 29. bxc6 bxc6 30. Qd3 Qxd3+ 31. Bxd3 Nf4 32. Ba6 c5 33. dxc5 Bxc5 34. Kg1 Bd6 35. Kh2 Ne2+ 36. Kg2 Nf4+ 37. Kh2 Ne2+ 38. Kg2 1/2-1/2

[Event "Quebec Montcalm op 4 2010-11"]
[Site "Quebec"]
[Date "2011.02.09"]
[Round "5"]
[White "Marquis, Paul"]
[Black "Perron, Jonathan"]
[Result "0-1"]
[WhiteElo "1997"]
[BlackElo "2129"]
[PlyCount "54"]
[EventDate "2011.01.13"]
[EventType "swiss"]
[EventRounds "5"]
[EventCountry "CAN"]
[SourceTitle "EXT 2022"]
[Source "ChessBase"]
[SourceDate "2021.10.06"]
[SourceVersion "1"]
[SourceVersionDate "2021.10.06"]
[SourceQuality "1"]

1. e4 c5 2. c3 g6 3. d4 cxd4 4. cxd4 d5 5. e5 Bg7 6. Nc3 Nh6 7. Nf3 0-0 8. Bf4 Bg4 9. Be2 e6 10. Qd2 Nf5 11. h3 Bxf3 12. Bxf3 Nc6 13. Be3 f6 14. exf6 Qxf6 15. 0-0 Ncxd4 16. Bg4 Nxe3 17. fxe3 Qg5 18. Qd3 Nf5 19. e4 Ne3 20. Qd2 d4 21. Bxe6+ Kh8 22. Rxf8+ Rxf8 23. Nd5 Qe5 24. Nxe3 dxe3 25. Qd7 Qxb2 26. Rd1 Qf2+ 27. Kh1 e2 0-1

[Event "Quebec Montcalm op"]
[Site "Quebec"]
[Date "2011.01.08"]
[Round "3"]
[White "Perron, Jonathan"]
[Black "Lemieux, Serge"]
[Result "1-0"]
[WhiteElo "2148"]
[BlackElo "1480"]
[PlyCount "77"]
[EventDate "2011.01.07"]
[EventType "swiss"]
[EventRounds "5"]
[EventCountry "CAN"]
[SourceTitle "EXT 2022"]
[Source "ChessBase"]
[SourceDate "2021.10.06"]
[SourceVersion "1"]
[SourceVersionDate "2021.10.06"]
[SourceQuality "1"]

1. e4 e6 2. d4 d5 3. Nd2 c5 4. Ngf3 Nc6 5. dxc5 Bxc5 6. Bd3 Nge7 7. 0-0 Ng6 8. Nb3 Be7 9. exd5 exd5 10. h3 0-0 11. c3 b6 12. Nbd4 Bd7 13. Nxc6 Bxc6 14. Nd4 Bd7 15. Qh5 Qc8 16. Qxd5 Bc5 17. Be4 Qc7 18. Nb3 Rad8 19. Bg5 Be7 20. Bxg6 Be6 21. Bxh7+ Kxh7 22. Qe4+ g6 23. Bxe7 Qxe7 24. Nd4 Qf6 25. Nxe6 fxe6 26. Qe3 Rd5 27. Rad1 Rfd8 28. Rxd5 Rxd5 29. Re1 e5 30. b3 Qd6 31. c4 Rd1 32. Rxd1 Qxd1+ 33. Kh2 Qd6 34. Qe4 a5 35. g3 Kg7 36. h4 Qd4 37. Qxd4 exd4 38. Kg2 Kf6 39. Kf3 1-0

[Event "Quebec Montcalm op 3 2010-11"]
[Site "Quebec"]
[Date "2010.12.16"]
[Round "5"]
[White "Marquis, Paul"]
[Black "Perron, Jonathan"]
[Result "1-0"]
[WhiteElo "1971"]
[BlackElo "2169"]
[PlyCount "95"]
[EventDate "2010.11.18"]
[EventType "swiss"]
[EventRounds "5"]
[EventCountry "CAN"]
[SourceTitle "EXT 2022"]
[Source "ChessBase"]
[SourceDate "2021.10.06"]
[SourceVersion "1"]
[SourceVersionDate "2021.10.06"]
[SourceQuality "1"]

1. e4 c5 2. Nf3 e6 3. d4 cxd4 4. Nxd4 Nc6 5. Nb5 d6 6. c4 a6 7. N5a3 Nf6 8. Nc3 Be7 9. Be2 0-0 10. 0-0 b6 11. Be3 Bb7 12. f3 Re8 13. Qd2 Rc8 14. Rfd1 Nd7 15. Rac1 Nb4 16. Nc2 Nxc2 17. Rxc2 Qc7 18. Bf4 Ne5 19. b3 Red8 20. Qe1 Bf6 21. Rdc1 Nc6 22. Nd5 Bd4+ 23. Kh1 Qd7 24. Nb4 Be5 25. Nxc6 Qxc6 26. Be3 d5 27. exd5 exd5 28. f4 Bf6 29. Bf3 Qd6 30. cxd5 Rxc2 31. Rxc2 b5 32. Qc1 g6 33. Bc5 Qd7 34. Bb6 Rc8 35. Rxc8+ Qxc8 36. Qxc8+ Bxc8 37. a4 Bd7 38. a5 Be7 39. Kg1 Bd6 40. g3 h5 41. Kf2 h4 42. Ke3 hxg3 43. hxg3 g5 44. fxg5 Bxg3 45. Bc5 Bh2 46. b4 Bc8 47. d6 Bg3 48. Bc6 1-0

[Event "Quebec Montcalm op 3 2010-11"]
[Site "Quebec"]
[Date "2010.12.09"]
[Round "4"]
[White "Perron, Jonathan"]
[Black "Caire, Francois"]
[Result "1/2-1/2"]
[WhiteElo "2169"]
[BlackElo "2247"]
[PlyCount "60"]
[EventDate "2010.11.18"]
[EventType "swiss"]
[EventRounds "5"]
[EventCountry "CAN"]
[SourceTitle "EXT 2022"]
[Source "ChessBase"]
[SourceDate "2021.10.06"]
[SourceVersion "1"]
[SourceVersionDate "2021.10.06"]
[SourceQuality "1"]

1. e4 c5 2. Nf3 Nc6 3. Bb5 d6 4. 0-0 Bd7 5. Re1 a6 6. Bf1 Bg4 7. c3 e6 8. h3 Bxf3 9. Qxf3 Nf6 10. d3 Be7 11. Qg3 0-0 12. f4 Kh8 13. Nd2 Rc8 14. Nf3 b5 15. Bd2 d5 16. Rac1 dxe4 17. dxe4 c4 18. Kh1 Qc7 19. e5 Nd7 20. Be3 Nc5 21. Bxc5 Bxc5 22. Ng5 Ne7 23. Ne4 Nd5 24. Rcd1 Rcd8 25. Nxc5 Qxc5 26. Rd4 Ne7 27. Rxd8 Rxd8 28. Qf3 Nf5 29. Rd1 Ng3+ 30. Kh2 Nxf1+ 1/2-1/2

[Event "Charlesbourg Millenium"]
[Site "Charlesbourg"]
[Date "2010.12.06"]
[Round "3"]
[White "Lessard, Claude"]
[Black "Perron, Jonathan"]
[Result "0-1"]
[WhiteElo "2083"]
[BlackElo "2169"]
[PlyCount "104"]
[EventDate "2010.11.??"]
[EventType "swiss"]
[EventRounds "5"]
[EventCountry "CAN"]
[SourceTitle "EXT 2022"]
[Source "ChessBase"]
[SourceDate "2021.10.06"]
[SourceVersion "1"]
[SourceVersionDate "2021.10.06"]
[SourceQuality "1"]

1. d4 Nf6 2. Nf3 e6 3. g3 b5 4. Bg2 Bb7 5. 0-0 Be7 6. Nbd2 Na6 7. a4 b4 8. c4 c5 9. e3 0-0 10. b3 Ne4 11. Bb2 Nxd2 12. Qxd2 Be4 13. Qe2 Bf6 14. Rfd1 Qc7 15. Rd2 Qb7 16. Ne1 Bxg2 17. Nxg2 cxd4 18. exd4 d5 19. c5 Nc7 20. f4 g6 21. Ne3 a6 22. Qf3 Bg7 23. Rc1 Ne8 24. Nc4 Qc7 25. Nb6 Ra7 26. a5 Nf6 27. Qf1 Ne4 28. Re2 Qc6 29. Rec2 h5 30. Ra1 Bf6 31. Ra4 h4 32. Rxb4 hxg3 33. Qh3 gxh2+ 34. Rxh2 Re8 35. Na4 Qc7 36. Qe3 Kf8 37. Rb6 Ke7 38. c6 g5 39. Ba3+ Kd8 40. Nc5 gxf4 41. Qd3 f3 42. Nxe4 dxe4 43. Qxe4 Qg3+ 44. Kh1 Rg8 45. c7+ Rxc7 46. Rd6+ Qxd6 47. Qa8+ Rc8 48. Qxc8+ Kxc8 49. Bxd6 Bxd4 50. Rc2+ Kd7 51. Bf4 f2 52. Rc1 Rg1+ 0-1

[Event "Quebec Montcalm op 3 2010-11"]
[Site "Quebec"]
[Date "2010.12.02"]
[Round "3"]
[White "Cummins, Paul"]
[Black "Perron, Jonathan"]
[Result "0-1"]
[WhiteElo "1811"]
[BlackElo "2169"]
[PlyCount "84"]
[EventDate "2010.11.18"]
[EventType "swiss"]
[EventRounds "5"]
[EventCountry "CAN"]
[SourceTitle "EXT 2022"]
[Source "ChessBase"]
[SourceDate "2021.10.06"]
[SourceVersion "1"]
[SourceVersionDate "2021.10.06"]
[SourceQuality "1"]

1. e4 c5 2. Nf3 e6 3. d4 cxd4 4. Nxd4 Nc6 5. Be3 a6 6. Be2 Nf6 7. Nd2 d5 8. Nxc6 bxc6 9. e5 Nd7 10. f4 Bc5 11. Bxc5 Nxc5 12. 0-0 Qb6 13. Kh1 Qxb2 14. Nf3 Rb8 15. Nd4 Bd7 16. Bf3 Qc3 17. Ne2 Qc4 18. Ng3 0-0 19. Be2 Qa4 20. Qe1 Rb2 21. Nh5 Qxc2 22. Qg3 Qg6 23. Qe1 Nd3 24. Qd1 Nb4 25. Rc1 Nxa2 26. Rc5 Rfb8 27. f5 exf5 28. Bf3 f4 29. Nxf4 Qb1 30. Qd3 Qxd3 31. Nxd3 Rd2 32. Nf4 Rb5 33. Rxb5 axb5 34. Ra1 Bf5 35. Ne2 g5 36. Ng3 Bg6 37. Bd1 Bd3 38. Nh5 b4 39. Nf6+ Kg7 40. Nd7 Be4 41. Bf3 Bxf3 42. gxf3 b3 0-1

[Event "Charlesbourg Millenium"]
[Site "Charlesbourg"]
[Date "2010.11.29"]
[Round "2"]
[White "Perron, Jonathan"]
[Black "Glode, Martin"]
[Result "1-0"]
[WhiteElo "2167"]
[BlackElo "1850"]
[PlyCount "87"]
[EventDate "2010.11.??"]
[EventType "swiss"]
[EventRounds "5"]
[EventCountry "CAN"]
[SourceTitle "EXT 2022"]
[Source "ChessBase"]
[SourceDate "2021.10.06"]
[SourceVersion "1"]
[SourceVersionDate "2021.10.06"]
[SourceQuality "1"]

1. e4 e5 2. Nf3 Nc6 3. Bb5 Nf6 4. 0-0 Nxe4 5. d4 Nd6 6. Bxc6 dxc6 7. dxe5 Nf5 8. Qxd8+ Kxd8 9. Nc3 h6 10. b3 Bd7 11. h3 Be7 12. Bb2 Kc8 13. Ne2 b6 14. Nf4 Rg8 15. Rfe1 g5 16. e6 fxe6 17. Nxe6 g4 18. hxg4 Nd6 19. Nxc7 Kxc7 20. Rxe7 Rae8 21. Rh7 Kc8 22. Rd1 Bxg4 23. Rxd6 Bxf3 24. Rg7 Rxg7 25. Bxg7 Bd5 26. c4 Kc7 27. Rxh6 Be4 28. Rf6 Re7 29. Bh6 Bb1 30. Bf4+ Kb7 31. a3 Ba2 32. Bd6 Rd7 33. c5 Bxb3 34. f4 Rg7 35. Kf2 Bd5 36. g3 Ka6 37. Rh6 Kb5 38. cxb6 axb6 39. f5 Kc4 40. Ke3 c5 41. Be5 Rg4 42. Rh4 Rxh4 43. gxh4 b5 44. h5 1-0

[Event "Quebec Montcalm op 3 2010-11"]
[Site "Quebec"]
[Date "2010.11.25"]
[Round "2"]
[White "Perron, Jonathan"]
[Black "Sauve, Richard"]
[Result "1-0"]
[WhiteElo "2169"]
[BlackElo "1866"]
[PlyCount "33"]
[EventDate "2010.11.18"]
[EventType "swiss"]
[EventRounds "5"]
[EventCountry "CAN"]
[SourceTitle "EXT 2022"]
[Source "ChessBase"]
[SourceDate "2021.10.06"]
[SourceVersion "1"]
[SourceVersionDate "2021.10.06"]
[SourceQuality "1"]

1. e4 e6 2. d4 d5 3. Nd2 dxe4 4. Nxe4 Bd7 5. Nf3 Bc6 6. Bd3 Nd7 7. 0-0 Ngf6 8. Nxf6+ Nxf6 9. c3 Bxf3 10. Qxf3 c6 11. Re1 Be7 12. Bf4 0-0 13. Be5 Qa5 14. Qh3 h6 15. f4 c5 16. g4 Nh7 17. g5 1-0

[Event "Quebec Montcalm op 3 2010-11"]
[Site "Quebec"]
[Date "2010.11.18"]
[Round "1"]
[White "Lamontagne, Danny"]
[Black "Perron, Jonathan"]
[Result "0-1"]
[WhiteElo "1710"]
[BlackElo "2169"]
[PlyCount "52"]
[EventDate "2010.11.18"]
[EventType "swiss"]
[EventRounds "5"]
[EventCountry "CAN"]
[SourceTitle "EXT 2022"]
[Source "ChessBase"]
[SourceDate "2021.10.06"]
[SourceVersion "1"]
[SourceVersionDate "2021.10.06"]
[SourceQuality "1"]

1. e4 c5 2. c3 Nf6 3. e5 Nd5 4. d4 cxd4 5. Nf3 Nc6 6. Bc4 Nb6 7. Bb3 d6 8. exd6 e6 9. d7+ Bxd7 10. Bf4 dxc3 11. Nxc3 Bb4 12. Rc1 0-0 13. 0-0 Bxc3 14. Rxc3 h6 15. Bd6 Re8 16. Qd3 e5 17. Re1 Qf6 18. Bc2 g6 19. Bc5 Bf5 20. Qe3 Nd5 21. Qxh6 Nxc3 22. Ng5 Qg7 23. Qxg7+ Kxg7 24. Bb3 f6 25. Nf7 Ne4 26. Rxe4 Bxe4 0-1

[Event "Charlesbourg Olympiade"]
[Site "Charlesbourg"]
[Date "2010.11.15"]
[Round "6"]
[White "Lessard, Claude"]
[Black "Perron, Jonathan"]
[Result "1-0"]
[WhiteElo "2095"]
[BlackElo "2075"]
[PlyCount "26"]
[EventDate "2010.10.11"]
[EventType "swiss"]
[EventRounds "6"]
[EventCountry "CAN"]
[SourceTitle "EXT 2022"]
[Source "ChessBase"]
[SourceDate "2021.10.06"]
[SourceVersion "1"]
[SourceVersionDate "2021.10.06"]
[SourceQuality "1"]

1. d4 Nf6 2. Nf3 e6 3. Bg5 h6 4. Bxf6 Qxf6 5. Nbd2 c5 6. Ne4 Qf5 7. Ng3 Qf4 8. e3 Qc7 9. c3 d5 10. Bd3 b6 11. Ne5 Bd6 12. f4 Bxe5 13. fxe5 Ba6 1-0

[Event "Charlesbourg Olympiade"]
[Site "Charlesbourg"]
[Date "2010.10.25"]
[Round "3"]
[White "Perron, Jonathan"]
[Black "Lessard, Claude"]
[Result "1-0"]
[WhiteElo "2075"]
[BlackElo "2095"]
[PlyCount "71"]
[EventDate "2010.10.11"]
[EventType "swiss"]
[EventRounds "6"]
[EventCountry "CAN"]
[SourceTitle "EXT 2022"]
[Source "ChessBase"]
[SourceDate "2021.10.06"]
[SourceVersion "1"]
[SourceVersionDate "2021.10.06"]
[SourceQuality "1"]

1. e4 c6 2. d4 d5 3. Nc3 dxe4 4. Nxe4 Nf6 5. Nxf6+ gxf6 6. c3 Bf5 7. Nf3 Nd7 8. Bf4 Qb6 9. Bd3 Bxd3 10. Qxd3 e6 11. 0-0 h5 12. Nd2 0-0-0 13. Nc4 Qa6 14. Nd6+ Bxd6 15. Qxa6 bxa6 16. Bxd6 Rhg8 17. a4 Rg6 18. b4 Nb6 19. Bc5 Rdg8 20. g3 Nd5 21. c4 Nc3 22. b5 f5 23. Bxa7 h4 24. bxa6 f4 25. Ra3 Ne4 26. Rb1 fxg3 27. fxg3 R8g7 28. Rb8+ Kd7 29. Rab3 Ke7 30. Bc5+ Kf6 31. a7 hxg3 32. Rf3+ Kg5 33. hxg3 Kg4 34. Re3 Nxg3 35. a8Q Kf4 36. Bd6+ 1-0

[Event "Charlesbourg Alekhine"]
[Site "Charlesbourg"]
[Date "2010.09.13"]
[Round "2"]
[White "Perron, Jonathan"]
[Black "Lapierre, Gaetan"]
[Result "1-0"]
[WhiteElo "2055"]
[BlackElo "1949"]
[PlyCount "127"]
[EventDate "2010.09.06"]
[EventType "swiss"]
[EventRounds "5"]
[EventCountry "CAN"]
[SourceTitle "EXT 2022"]
[Source "ChessBase"]
[SourceDate "2021.10.06"]
[SourceVersion "1"]
[SourceVersionDate "2021.10.06"]
[SourceQuality "1"]

1. e4 e5 2. Nf3 Nc6 3. Bb5 f5 4. Nc3 fxe4 5. Nxe4 d5 6. Nxe5 dxe4 7. Nxc6 bxc6 8. Bxc6+ Bd7 9. Qh5+ Ke7 10. Qe5+ Be6 11. Bxa8 Qxa8 12. f4 Kd7 13. f5 Bf7 14. 0-0 Nf6 15. Qg3 Bd6 16. Qg5 h5 17. d4 Ng4 18. Bf4 Be7 19. Qxg7 Qe8 20. Be5 Rg8 21. Qh7 Bg5 22. h3 Nxe5 23. dxe5 Kc8 24. e6 Be3+ 25. Kh1 Bg6 26. fxg6 Rxg6 27. Qf7 Rxe6 28. Qxe8+ Rxe8 29. Rae1 Bd2 30. Re2 e3 31. Rf5 h4 32. Rf4 Rh8 33. Re4 Rf8 34. Kg1 Bc1 35. R4xe3 Bxe3+ 36. Rxe3 Rf4 37. g3 hxg3 38. Kg2 Rf2+ 39. Kxg3 Rxc2 40. Rb3 Kd7 41. a3 Ke6 42. Kf4 c5 43. Rb5 a6 44. Rb6+ Kd5 45. h4 c4 46. h5 Kc5 47. Rb8 Rh2 48. Kg5 Kd4 49. h6 Ke5 50. Kg6 Rg2+ 51. Kf7 Rh2 52. Rb6 Rf2+ 53. Kg6 Rg2+ 54. Kh5 Kf5 55. Kh4 Kf4 56. Kh3 Rg3+ 57. Kh2 Rd3 58. h7 Rd2+ 59. Kh3 Rd3+ 60. Kh4 Rd1 61. Rf6+ Ke5 62. Rf3 Ke4 63. h8Q Rh1+ 64. Rh3 1-0

[Event "Charlesbourg Alekhine"]
[Site "Charlesbourg"]
[Date "2010.09.06"]
[Round "1"]
[White "Chouinard, Marc"]
[Black "Perron, Jonathan"]
[Result "0-1"]
[WhiteElo "1676"]
[BlackElo "2055"]
[PlyCount "38"]
[EventDate "2010.09.06"]
[EventType "swiss"]
[EventRounds "5"]
[EventCountry "CAN"]
[SourceTitle "EXT 2022"]
[Source "ChessBase"]
[SourceDate "2021.10.06"]
[SourceVersion "1"]
[SourceVersionDate "2021.10.06"]
[SourceQuality "1"]

1. c4 e5 2. Nc3 d6 3. e4 g6 4. Nf3 Bg7 5. Be2 Ne7 6. d3 0-0 7. 0-0 f5 8. Bg5 h6 9. Be3 f4 10. Bd2 g5 11. Nd5 Ng6 12. Qc2 Nc6 13. c5 g4 14. Ne1 Nd4 15. Qd1 f3 16. gxf3 gxf3 17. Nxf3 Nxe2+ 18. Qxe2 Bg4 19. Kg2 Bxf3+ 0-1

[Event "Charlesbourg Festival 2"]
[Site "Charlesbourg"]
[Date "2010.08.02"]
[Round "4"]
[White "Perron, Jonathan"]
[Black "Poliquin, Yvone"]
[Result "1-0"]
[WhiteElo "1987"]
[BlackElo "2050"]
[PlyCount "67"]
[EventDate "2010.07.12"]
[EventType "swiss"]
[EventRounds "5"]
[EventCountry "CAN"]
[SourceTitle "EXT 2022"]
[Source "ChessBase"]
[SourceDate "2021.10.06"]
[SourceVersion "1"]
[SourceVersionDate "2021.10.06"]
[SourceQuality "1"]

1. e4 e5 2. Nf3 Nc6 3. Bb5 f5 4. d3 fxe4 5. dxe4 Nf6 6. Qd3 d6 7. Nc3 Bd7 8. Bg5 Be7 9. 0-0-0 0-0 10. h3 Kh8 11. Bxf6 Bxf6 12. Nd5 a6 13. Bc4 b5 14. Bb3 a5 15. Nxf6 Qxf6 16. Qxb5 a4 17. Bd5 Rfb8 18. Qc4 Rb6 19. h4 Rab8 20. b3 axb3 21. axb3 Nb4 22. Qxc7 Nxd5 23. Rxd5 R8b7 24. Qc3 Rc6 25. Qd3 Kg8 26. Rd1 Rbb6 27. Nxe5 dxe5 28. Rxd7 h6 29. Qd5+ Kh7 30. Rf7 Qg6 31. Rf8 Re6 32. Qd8 Qh5 33. Rd7 Qg4 34. Rh8+ 1-0

[Event "Charlesbourg Le Khalif"]
[Site "Charlesbourg"]
[Date "2010.02.15"]
[Round "2"]
[White "Plante, Rejean"]
[Black "Perron, Jonathan"]
[Result "1-0"]
[WhiteElo "2057"]
[BlackElo "1943"]
[PlyCount "93"]
[EventDate "2010.02.08"]
[EventType "swiss"]
[EventRounds "5"]
[EventCountry "CAN"]
[SourceTitle "EXT 2011"]
[Source "ChessBase"]
[SourceDate "2010.11.26"]
[SourceVersion "1"]
[SourceVersionDate "2010.11.26"]
[SourceQuality "1"]

1. d4 Nf6 2. Bg5 e6 3. Nf3 h6 4. Bh4 g5 5. Bg3 Bg7 6. e3 Nh5 7. Be5 f6 8. Bd3 0-0 9. Bg3 Nxg3 10. hxg3 d6 11. Nbd2 Nc6 12. c3 a6 13. e4 f5 14. exf5 exf5 15. Qb3+ d5 16. 0-0-0 b5 17. Qc2 Qf6 18. Nb3 f4 19. Rde1 b4 20. Bh7+ Kh8 21. Ne5 bxc3 22. bxc3 Nxe5 23. Rxe5 fxg3 24. fxg3 Qf2 25. Rxd5 Qxg3 26. Be4 Qe3+ 27. Nd2 Bb7 28. Re5 Bxe5 29. Rxh6+ Kg7 30. Rh7+ Kf6 31. dxe5+ Kxe5 32. Bxb7 Qg1+ 33. Kb2 Qb6+ 34. Qb3 Qxb3+ 35. Nxb3 Rf2+ 36. Ka3 Ra7 37. Rxc7 Kf4 38. Rc4+ Kg3 39. Bf3 Rxf3 40. gxf3 Kxf3 41. Nd4+ Kg3 42. Nc6 Rg7 43. Ne5 Kh3 44. Rg4 Rc7 45. c4 Rg7 46. c5 a5 47. c6 1-0

[Event "Quebec Montcalm op 4th"]
[Site "Quebec"]
[Date "2010.01.14"]
[Round "1"]
[White "Arteau, Benoit"]
[Black "Perron, Jonathan"]
[Result "0-1"]
[WhiteElo "1837"]
[BlackElo "1971"]
[PlyCount "62"]
[EventDate "2010.01.14"]
[EventType "tourn"]
[EventRounds "5"]
[EventCountry "CAN"]
[SourceTitle "EXT 2011"]
[Source "ChessBase"]
[SourceDate "2010.11.26"]
[SourceVersion "1"]
[SourceVersionDate "2010.11.26"]
[SourceQuality "1"]

1. d4 Nf6 2. c4 e6 3. Nc3 Bb4 4. Nf3 b6 5. e3 Bb7 6. Bd2 0-0 7. Bd3 Bxc3 8. Bxc3 Ne4 9. Bb4 d6 10. Qc2 f5 11. c5 Na6 12. Bxa6 Bxa6 13. 0-0-0 Qe8 14. Ne1 Qb5 15. Nd3 Qc4 16. Qxc4 Bxc4 17. f3 Bxd3 18. fxe4 Bxe4 19. cxd6 cxd6 20. Rd2 Rfc8+ 21. Kd1 Rc6 22. h4 a5 23. Bc3 b5 24. d5 Bxd5 25. Ke2 Bc4+ 26. Rd3 b4 27. Bd2 e5 28. Rc1 Bxd3+ 29. Kxd3 Rxc1 30. Bxc1 Rc8 31. Bd2 d5 0-1

[Event "Charlesbourg Olympiad"]
[Site "Charlesbourg"]
[Date "2009.11.16"]
[Round "6"]
[White "Beaudoin, Stephane"]
[Black "Perron, Jonathan"]
[Result "1-0"]
[WhiteElo "2112"]
[BlackElo "1980"]
[PlyCount "23"]
[EventDate "2009.10.12"]
[EventType "team"]
[EventRounds "6"]
[EventCountry "CAN"]
[SourceTitle "EXT 2011"]
[Source "ChessBase"]
[SourceDate "2010.11.26"]
[SourceVersion "1"]
[SourceVersionDate "2010.11.26"]
[SourceQuality "1"]

1. e4 c5 2. Nf3 Nc6 3. d4 cxd4 4. Nxd4 e5 5. Nxc6 bxc6 6. Bd3 Nf6 7. Nd2 h6 8. Qe2 g5 9. a4 Nxe4 10. Qxe4 c5 11. 0-0 f6 12. Rd1 1-0

[Event "Charlesbourg Olympiad"]
[Site "Charlesbourg"]
[Date "2009.11.02"]
[Round "4"]
[White "Perron, Jonathan"]
[Black "Caron, Sebastien"]
[Result "1-0"]
[WhiteElo "1980"]
[BlackElo "1990"]
[PlyCount "119"]
[EventDate "2009.10.12"]
[EventType "team"]
[EventRounds "6"]
[EventCountry "CAN"]
[SourceTitle "EXT 2011"]
[Source "ChessBase"]
[SourceDate "2010.11.26"]
[SourceVersion "1"]
[SourceVersionDate "2010.11.26"]
[SourceQuality "1"]

1. e4 e6 2. d4 d5 3. Nd2 Nf6 4. e5 Nfd7 5. Ngf3 c5 6. c3 Nc6 7. Bd3 Qb6 8. 0-0 cxd4 9. cxd4 Nxd4 10. Nxd4 Qxd4 11. Nf3 Qb6 12. Qa4 Qb4 13. Qc2 h6 14. Be3 Bc5 15. a3 Qb6 16. Bf4 Qd8 17. b4 Bb6 18. h4 Nf8 19. Rac1 Bd7 20. Qe2 Rc8 21. Rxc8 Bxc8 22. Rc1 Bd7 23. Rc3 Ng6 24. Be3 Ne7 25. Nd4 a6 26. Qg4 g6 27. b5 a5 28. h5 g5 29. Qf3 Nc8 30. Qg4 Ke7 31. f4 gxf4 32. Bf2 Kf8 33. Qh3 Qe8 34. Kf1 Rg8 35. a4 Bd8 36. Nf3 Be7 37. Rc7 b6 38. Nd4 Qd8 39. Rc2 Bc5 40. Be2 Ne7 41. Qd3 Rg7 42. Qd2 Ng8 43. Qc1 Qg5 44. Bf3 Qxe5 45. Nc6 Bxc6 46. bxc6 Bxf2 47. c7 Ne7 48. c8Q+ Nxc8 49. Rxc8+ Ke7 50. Kxf2 Qd4+ 51. Kf1 Qxa4 52. Qb2 d4 53. Qxb6 Qa1+ 54. Kf2 Kf6 55. Qd8+ Kf5 56. Rc5+ e5 57. Qd7+ Kf6 58. Qd6+ Kg5 59. Qxe5+ Kh4 60. Qxf4+ 1-0

[Event "Charlesbourg Olympiad"]
[Site "Charlesbourg"]
[Date "2009.10.26"]
[Round "3"]
[White "Perron, Jonathan"]
[Black "Beaudoin, Stephane"]
[Result "0-1"]
[WhiteElo "1980"]
[BlackElo "2112"]
[PlyCount "70"]
[EventDate "2009.10.12"]
[EventType "team"]
[EventRounds "6"]
[EventCountry "CAN"]
[SourceTitle "EXT 2011"]
[Source "ChessBase"]
[SourceDate "2010.11.26"]
[SourceVersion "1"]
[SourceVersionDate "2010.11.26"]
[SourceQuality "1"]

1. e4 g6 2. d4 d6 3. Nc3 Bg7 4. Nf3 Nf6 5. Be2 0-0 6. 0-0 a6 7. h3 b5 8. e5 Nfd7 9. exd6 cxd6 10. Be3 Nf6 11. Nd2 Bb7 12. Bf3 Bxf3 13. Qxf3 Nbd7 14. Rfe1 Rc8 15. Rac1 Nb6 16. Qb7 b4 17. Ne2 Nfd5 18. a3 a5 19. c4 bxc3 20. Nxc3 Nxe3 21. fxe3 Nd7 22. b3 e5 23. Nb5 Rb8 24. Qc6 exd4 25. exd4 Rb6 26. Qc4 Qg5 27. Nxd6 Qxd2 28. Red1 Qf4 29. Nc8 Rb8 30. Ne7+ Kh8 31. Qd5 Nf6 32. Qxa5 Rxb3 33. Nc6 Ne4 34. Qd5 Qf2+ 35. Kh1 Rxh3+ 0-1

[Event "Charlesbourg Olympiad"]
[Site "Charlesbourg"]
[Date "2009.10.12"]
[Round "1"]
[White "Caron, Sebastien"]
[Black "Perron, Jonathan"]
[Result "1/2-1/2"]
[WhiteElo "1990"]
[BlackElo "1980"]
[PlyCount "65"]
[EventDate "2009.10.12"]
[EventType "team"]
[EventRounds "6"]
[EventCountry "CAN"]
[SourceTitle "EXT 2011"]
[Source "ChessBase"]
[SourceDate "2010.11.26"]
[SourceVersion "1"]
[SourceVersionDate "2010.11.26"]
[SourceQuality "1"]

1. d4 Nf6 2. Nf3 e6 3. Bg5 h6 4. Bh4 d6 5. e3 g5 6. Bg3 Bg7 7. Bd3 Nbd7 8. c3 Nh5 9. Nbd2 Qe7 10. Nb3 b6 11. Nfd2 Nxg3 12. hxg3 Bb7 13. e4 c5 14. Qe2 d5 15. exd5 Bxd5 16. Be4 cxd4 17. Bxd5 exd5 18. Qxe7+ Kxe7 19. cxd4 Rac8 20. Kd1 Rc6 21. Rc1 Rxc1+ 22. Kxc1 Rc8+ 23. Kd1 Rc6 24. Re1+ Re6 25. Nb1 Nb8 26. Nc3 Rxe1+ 27. Kxe1 Ke6 28. Ke2 Nc6 29. Ke3 Nb4 30. Kd2 Nc6 31. Ke3 Nb4 32. Kd2 Nc6 33. Ke3 1/2-1/2

[Event "Quebec Montcalm-ch"]
[Site "Quebec"]
[Date "2009.05.21"]
[Round "4"]
[White "Caron, Sebastien"]
[Black "Perron, Jonathan"]
[Result "1/2-1/2"]
[WhiteElo "1996"]
[BlackElo "2004"]
[PlyCount "98"]
[EventDate "2009.04.30"]
[EventType "tourn"]
[EventRounds "5"]
[EventCountry "CAN"]
[SourceTitle "EXT 2011"]
[Source "ChessBase"]
[SourceDate "2010.11.26"]
[SourceVersion "1"]
[SourceVersionDate "2010.11.26"]
[SourceQuality "1"]

1. d4 Nf6 2. c4 e6 3. Nf3 Bb4+ 4. Bd2 Qe7 5. g3 Nc6 6. Bg2 d5 7. a3 Bxd2+ 8. Nbxd2 0-0 9. Qc2 Rd8 10. e3 e5 11. cxd5 Nxd5 12. dxe5 Nxe5 13. 0-0 Nxf3+ 14. Nxf3 c6 15. Rad1 Bg4 16. Rd4 Bh5 17. Re1 Re8 18. Nd2 Nf6 19. Ne4 Bg6 20. Nxf6+ Qxf6 21. Qc3 Qe7 22. Red1 Rad8 23. Qd2 Rxd4 24. Qxd4 a6 25. Qd7 h6 26. Qxe7 Rxe7 27. Bf3 Bf5 28. h4 Rd7 29. Rxd7 Bxd7 30. Kf1 Kf8 31. Ke2 Ke7 32. Kd3 Kd6 33. b4 Bf5+ 34. e4 Be6 35. Kd4 f6 36. Be2 Bc8 37. f4 b6 38. e5+ fxe5+ 39. fxe5+ Ke7 40. Bf3 Bd7 41. Be2 Bc8 42. a4 a5 43. bxa5 c5+ 44. Kc3 bxa5 45. Bc4 Bb7 46. Bb3 Ba6 47. Bd5 Kd7 48. Kd2 Ke7 49. Kc3 Kd7 1/2-1/2